000 00643nam a22001817a 4500
005 20251108174853.0
008 250721s2010 xx 000 0 ara d
082 1 4 _aم/413.2/نصي
100 1 _aنصير، ركاد علي
245 1 0 _aالمعاني اللغوية لأسماء المدن والقرى وأحواضها في المملكة الأردنية الهاشمية /
264 1 _aعمان :
_bدار ورد الأردنية للنشر،
_c2010.
300 _a581ص.
650 1 7 _aعلم المعاجم
650 1 7 _aعلم المعاني والالفاظ
650 1 7 _aالاردن
942 _2ddc
_cREF
999 _c120228
_d120228